000 01517nam a2200373 c 4500
003 BLK
005 20240910111346.0
008 180409b bul|||||r ||||||| ||bul||
010 _aKNG00139051000
020 _a978-954-769-303-6
_bиздат.: Обсидиан
040 _aBLK
041 _aBUL
_cBUL
072 7 _2bullib
_aН83
_xЧужда художествена литература Н
080 _aАмериканска литература (на САЩ)
_b821.111(73)
_x-312.4
_z821.111(73)-312.4
700 1 _aПаркър, Робърт Браун
_eпо
_9368180
100 1 _aАткинс, Ейс
_eпърви автор
_9323641
700 1 _aЛаптев, Веселин Иванов
_eпрев. от англ.
_9364314
139 _aАткинс, Ейс
_bА 93
245 1 0 _aПриспивна песен
_bРоман
_cпо Робърт Браун Паркър; Ейс Аткинс; прев. от англ. Веселин Иванов Лаптев.
257 _aUSA
260 София
_bОбсидиан
_c2012
_fВ. Търново : Абагар
300 _a336 с.
_c20 см
380 _aX
500 _aОриг. загл. Robert B. Parker's Lullaby / Ace Atkins.
653 _aкрими
653 _aромани
659 _aН
852 _aЦб 258172
856 4 _qpdf
_u
856 4 _qpdf
_u
942 _cKNG
_n0
_068
944 _aCR
_c06.02.2013
_lЦветелина Шанова
_k30531
944 _aED
_c14.06.2016
_lф /
_kЛюдмила_Стоянова
999 _c133161
_d133161